Pokémon - Attacken von Entoron in KA/PU - Statistiken

Allgemein
  • Dieses Quiz wurde 6 mal gespielt
  • Das Durchschnittsergebnis liegt bei 17 aus 77
Antwortstatistiken
Antwort % Korrekt
Aquaknarre
80%
Eisstrahl
80%
Hydropumpe
80%
Konfusion
80%
Kratzer
80%
Psychokinese
80%
Psystrahl
80%
Surfer
80%
Aquawelle
60%
Eishieb
60%
Psycho-Plus
60%
Rutenschlag
60%
Ausdauer
40%
Aussetzer
40%
Blizzard
40%
Durchbruch
40%
Hyperstrahl
40%
Kratzfurie
40%
Raub
40%
Regentanz
40%
Amnesie
20%
Bodycheck
20%
Delegator
20%
Dunkelnebel
20%
Eissturm
20%
Erholung
20%
Fassade
20%
Juwelenkraft
20%
Kalte Dusche
20%
Kaskade
20%
Konfusstrahl
20%
Lehmschuss
20%
Lichtschild
20%
Nassschweif
20%
Power-Punch
20%
Psychoschock
20%
Rollwende
20%
Schlafrede
20%
Schutzschild
20%
Sternschauer
20%
Verhöhner
20%
Wasserdüse
20%
Wegbereiter
20%
Whirlpool
20%
Zen-Kopfstoß
20%
Abschlag
0%
Aquadurchstoß
0%
Bodyslam
0%
Dunkelklaue
0%
Fähigkeitstausch
0%
Fokusstoß
0%
Fußkick
0%
Fußtritt
0%
Gähner
0%
Gedankengut
0%
Gigastoß
0%
Hypnose
0%
Klärsmog
0%
Kreideschrei
0%
Kreuzhieb
0%
Lehmbrühe
0%
Metronom
0%
Notsituation
0%
Psycholärm
0%
Ränkeschmied
0%
Rechte Hand
0%
Risikotackle
0%
Schaufler
0%
Schleuder
0%
Seher
0%
Strauchler
0%
Tera-Ausbruch
0%
Überflutung
0%
Vakuumwelle
0%
Wankelstrahl
0%
Wunderraum
0%
Zugabe
0%
Keine übereinstimmenden Quizze gefunden
Verteilung der Resultate
Anzahl Personen mit jedem Resultat
Perzentil nach korrekt beantworteten Fragen
Ihre Resultats-Entwicklung
Sie haben dieses Quiz noch nicht gespielt